000
00279nam a2200121Ia 4500
008
221030s9999 xx 000 0 und d
041
_a
English
100
_a
H.g. Molina
245
0
_a
Database System Implementation
_c
by H.g. Molina
260
_c
0
650
_a
Mc
942
_c
BK
999
_c
16670
_d
16670